03098nab a2200313 i 4500003000900000005001700009008004100026040001800067072001400085072000800099100004000107100004500147100003000192100003700222100003000259245009800289500006600387520094200453520102701395650001002422650001102432650002802443650001902471650001702490650002202507650002302529773015402552856007802706BR-BrBNA20240627142637.0240627b2023 bl.ar|pooa||| 00| 0 eng | aBR-BrBNAbeng aH50b2290 aF60 aBatista, Rita de Cássia Monteiro  aCarvalho, Josabete Salgueiro Bezerra de  aCoqueiro, Danilo Rosendo  aAquino, Pedro Gregório Vieira  aAlves, Leonardo Zacarias  aGrowth, gas exchange and essential oil production of Mentha spicata L. under water deficiency a Publicação online; 30 ref.; 7 illus.; Summaries (En, Pt) a ABSTRACT - Drought stress is a critical factor affecting plant growth and development. Understanding the effects of drought on the physiology of medicinal plants can contribute to the implementation of better water management techniques and promote a sustainable production. This study aimed to evaluate the influence of water stress on the growth and development of Mentha spicata L. plants. A completely randomized design was used, with two water conditions: irrigated and non-irrigated. The water deficit negatively affected the dry weight of roots and shoots, with a decrease in the transpiration rate and chlorophyll content, potentially impairing the photosynthetic activity. However, the essential oil production was not affected in plants subjected to water deficiency, indicating that the essential oil production may be more resilient to drought stress in this species. KEYWORDS: Spearmint, medicinal plant, photosynthesis. a RESUMO - O estresse hídrico é um fator crítico que afeta o crescimento e desenvolvimento das plantas. Compreender os efeitos da seca na fisiologia de plantas medicinais pode contribuir para a implementação de melhores técnicas de manejo da água e promover uma produção sustentável. Objetivou-se avaliar a influência do estresse hídrico no crescimento e desenvolvimento de plantas de Mentha spicata L. Foi utilizado delineamento inteiramente casualizado, com dois sistemas: irrigado e não irrigado. O déficit hídrico afetou negativamente o peso seco das raízes e caules, com diminuição na taxa de transpiração e no teor de clorofila, prejudicando potencialmente a atividade fotossintética. No entanto, a produção de óleo essencial não foi afetada em plantas submetidas à deficiência hídrica, indicando que a produção de óleo essencial pode ser mais resiliente ao estresse de seca nessa espécie. PALAVRAS-CHAVE: Hortelã, planta medicinal, fotossíntese. aMENTA aSTRESS aDEFICIÊNCIA HÍDRICA aFOTOSSÍNTESE aTROCA GASOSA aÓLEO ESSSENCIAL aFISIOLOGIA VEGETAL0 03248dGoiânia-GO UFG. Escola de Agronomia 1999o2024-2144tPesquisa Agropecuária Tropical (Brazil)x1517-6398gv. 53 p. 1-8; (2023)wBR2024001615 uhttps://www.scielo.br/j/pat/a/VchGsKG6Krb3hfwkRzMfXSJ/?format=pdf&lang=en